| 000 | 00877 a2200445 4500 | ||
|---|---|---|---|
| 000 | BKB | ||
| 001 | 071145 | ||
| 005 | 20200902150933.0 | ||
| 008 | |||
| 010 | _a | ||
| 020 | _a9780470142509 | ||
| 082 |
_a333.794 _bH66A |
||
| 100 | 1 | _aHodge, B.K. | |
| 110 | _a | ||
| 245 | 1 |
_aAlternative energy systems and applications _cby B.K. Hodge |
|
| 250 | _a | ||
| 260 |
_aUSA _bJohn Wiley & Sons _c2010 |
||
| 300 | _a418p. | ||
| 490 |
_a _v |
||
| 500 | _a | ||
| 600 | _a | ||
| 610 | _a | ||
| 611 | _a | ||
| 630 | _aArchitecture | ||
| 650 | _a | ||
| 651 | _a | ||
| 654 | _a | ||
| 690 | _aEnergy Systems | ||
| 700 |
_a _b _c |
||
| 710 |
_a _b _c |
||
| 711 | _a | ||
| 720 | _a | ||
| 730 | _a | ||
| 740 | _a | ||
| 752 | _a | ||
| 856 |
_a _d _f |
||
| 904 | _a | ||
| 964 |
_a _b _c _d _e _f _g |
||
| 965 | _a | ||
| 999 |
_c4497 _d4497 |
||